000 00467nam a2200193Ia 4500
005 20240516103700.0
008 131103s9999 xx 000 0 und d
020 _cRs.7.50
040 _aLoreto College
041 _aEnglish
082 _a428
_bWAL
100 _aWallac, Lew
245 _aBen - Hur
_b a tale of the Christ
_cLew Wallace
260 _aNew Delhi
_bS.chand
_c1986
300 _a179p
650 _aEnglish reader
850 _aLCBED
942 _cBK
999 _c30419
_d80898